[Event "Capablanca Memorial II"]
[Site "SchemingMind.com"]
[Date "2014.12.03"]
[Round "-"]
[White "Patjanka"]
[Black "Jari Laine"]
[Result "1/2-1/2"]
[WhiteCountry "DEN"]
[BlackCountry "FIN"]
[WhiteElo "2364"]
[WhiteRD "94"]
[BlackElo "2401"]
[BlackRD "88"]
[GameID "369971"]

1. d4 d5 2. c4 Nc6 3. Nc3 Nf6 4. Nf3 dxc4 5. e4 Bg4 6. Be3 e6 7. Bxc4 Bb4 8. Qd3 O-O 9. Nd2 e5 10. d5 Ne7
11. f3 Bd7 12. a3 Bd6 13. Nb3 a6 14. Nc5 Bc8 15. O-O Ng6 16. Qd2 Nf4 17. Kh1 N6h5 18. b4 b6 19. Nb3 Qh4 20. Qe1 Qe7
21. Nd2 b5 22. Ba2 h6 23. Nb3 Bd7 24. Qd2 Qh4 25. Bf2 Qg5 26. g3 Nh3 27. Be3 Qe7 28. Rac1=
1/2-1/2

[Event "Capablanca Memorial II"]
[Site "SchemingMind.com"]
[Date "2014.12.03"]
[Round "-"]
[White "Jari Laine"]
[Black "Patjanka"]
[Result "1/2-1/2"]
[WhiteCountry "FIN"]
[BlackCountry "DEN"]
[WhiteElo "2298"]
[WhiteRD "74"]
[BlackElo "2366"]
[BlackRD "92"]
[GameID "369972"]

1. d4 c5 2. d5 Nf6 3. Nc3 d6 4. e4 a6 5. a4 e6 6. Nf3 Be7 7. Be2 O-O 8. O-O exd5 9. exd5 Bg4 10. Nd2 Bxe2
11. Qxe2 Nbd7 12. Nc4 Re8 13. Bf4 g6 14. Qf3 Nb6 15. Ne3 Nh5 16. a5 Nxf4 17. axb6 Nh5 18. Nc4 Qd7 19. g3 Rf8= 20. Rae1 Rae8
21. Kg2 Ng7 22. h3 f5 23. Ne2 g5 24. Qd3 Rf6 25. Nc3 Ref8 26. Qe3 R8f7 27. Qxg5 f4 28. Qg4 Qd8 29. Nd2 Rg6 30. Qd1 Bh4
31. g4 h5 32. Re4 Qxb6 33. Ne2 Bg5 34. Qb1 Qd8 35. f3 Bh6 36. c4 Nf5 37. Kg1 Nh4 38. Kf2 Rfg7 39. Rh1 Re7 40. Rg1 Rgg7
41. b3 Bg5 42. Re6 Rxe6 43. dxe6 Qf6 44. Ne4 Qe5 45. gxh5 Be7 46. Rxg7+ Kxg7 47. Qc1 Qxe6 48. Qxf4 b5 49. Qg4+ Kf7 50. Nf4 Qe5
51. h6 Qd4+ 52. Ke2 Qb2+ 53. Nd2 Qe5+ 54. Kd1 Bf6 55. Nd5 Qa1+ 56. Ke2 Qe5+ 57. Kd3 bxc4+ 58. Qxc4 Kg6 59. f4 Qa1 60. Nxf6 Qxf6
61. Ne4 Qf5 62. Qg8+ Kxh6 63. Qg5+ Qxg5 64. fxg5+ Kg6 65. Nxd6 Ng2 66. Kc4 Ne3+ 67. Kxc5 Kxg5 68. Kb6 Nc2 69. Kxa6 Kh4 70. Ka5 Nd4
71. Nf5+ Nxf5 72. b4 Nd6 73. Kb6 Ne4 74. Kc6 Nc3 75. Kc5 Ne4+ 76. Kd4=
1/2-1/2

[Event "Capablanca Memorial II"]
[Site "SchemingMind.com"]
[Date "2014.12.03"]
[Round "-"]
[White "kibic"]
[Black "Ramesh Panwar"]
[Result "1-0"]
[WhiteCountry "INT"]
[BlackCountry "IND"]
[WhiteElo "2444"]
[WhiteRD "73"]
[BlackElo "2302"]
[BlackRD "50"]
[GameID "370573"]

1. d4 Nf6 2. c4 e6 3. Nc3 Bb4 4. e3 c5 5. Bd3 d5 6. Nf3 O-O 7. O-O Nc6 8. a3 Bxc3 9. bxc3 b6 10. cxd5 exd5
11. Ne5 Bb7 12. f3 Re8 13. Nxc6 Bxc6 14. a4 g6 15. Qe1 c4 16. Bc2 Re6 17. Qh4 Ne8 18. Qxd8 Rxd8 19. Kf2 f5 20. a5 b5
21. Ba3 Kg7 22. h3 a6 23. g4 fxg4 24. hxg4 Nd6 25. Rae1 Rf8 26. Kg3 Rd8 27. Rf2 Ne8 28. Rh2 Nf6 29. g5 Nh5+ 30. Kf2 Rde8
31. Rh4 Kg8 32. Bb4 Bb7 33. e4 dxe4 34. fxe4 Ng7 35. Kf3 Nh5 36. Ke3 Rc6 37. Rh2 Ng7 38. e5 Nf5+ 39. Bxf5 gxf5 40. Kf4 Rg6
41. Re3 Bd5 42. Reh3 Rg7 43. Rh6 Re6 44. Rf6 Rxf6 45. exf6 Rd7 46. Kxf5 Bf7 47. Re2 Rd5+ 48. Re5 Bg6+ 49. Ke6 Rd8 50. Bc5 Bf7+
51. Ke7 Ra8 52. Kd7 h6 53. d5 b4 54. Bxb4 h5 55. d6 h4 56. Kc7 h3 57. d7
1-0

[Event "Capablanca Memorial II"]
[Site "SchemingMind.com"]
[Date "2014.12.03"]
[Round "-"]
[White "Ramesh Panwar"]
[Black "kibic"]
[Result "1/2-1/2"]
[WhiteCountry "IND"]
[BlackCountry "INT"]
[WhiteElo "2302"]
[WhiteRD "50"]
[BlackElo "2444"]
[BlackRD "73"]
[GameID "370574"]

1. e4 c5 2. Nf3 d6 3. d4 cxd4 4. Nxd4 Nf6 5. Nc3 a6 6. f4 e5 7. Nf3 Nbd7 8. Be3 Be7 9. Qd2 O-O 10. O-O-O b5
11. Nd5 Nxe4 12. Nxe7+ Qxe7 13. Qd5 exf4 14. Bxf4 Rb8 15. Bxd6 Nxd6 16. Qxd6 Qxd6 17. Rxd6 Nc5 18. Bd3 Bb7 19. Rd1 g6 20. b4 Na4
21. Re1 Rfd8 22. Rxd8+ Rxd8 23. Re7 Bd5 24. Ra7 Rd6 25. a3 Bxf3 26. gxf3 Kg7 27. Kb1 Nc3+ 28. Kb2 Nd1+ 29. Kb3 Nf2 30. Bf1 Rd1
31. Be2 Re1 32. Bd3 Re6 33. Kc3 h5 34. Bf1 Nd1+ 35. Kd2 Rd6+ 36. Bd3 Nb2 37. Ke3 g5 38. Re7 Nxd3 39. cxd3 Kf6 40. Rc7 Re6+
41. Kf2 g4 42. d4 Rd6 43. fxg4=
1/2-1/2

[Event "Capablanca Memorial II"]
[Site "SchemingMind.com"]
[Date "2014.12.09"]
[Round "-"]
[White "michel"]
[Black "chesshub"]
[Result "1/2-1/2"]
[WhiteCountry "CAN"]
[BlackCountry "FRA"]
[WhiteElo "2305"]
[WhiteRD "55"]
[BlackElo "2475"]
[BlackRD "79"]
[GameID "370712"]

1. c4 e5 2. g3 Nf6 3. Nf3 e4 4. Nh4 Bc5 5. d4 exd3 6. Qxd3 Nc6 7. Bg2 d6 8. Nc3 O-O 9. O-O Re8 10. b3 a5
11. Nf3 Bg4 12. Bb2 Qd7 13. Nd5 Nxd5 14. cxd5 Ne5 15. Nxe5 dxe5 16. Rac1 b6 17. Rc4 Bh5 18. Qc2 Ra7 19. Rc1 Bg6 20. e4 f6
21. Qe2 Bf7 22. Rxc5 bxc5 23. Rxc5 a4 24. b4 a3 25. Bc3 Rb8 26. Bf3 Be8 27. Qe3 h6 28. Kg2 Qe7 29. Qd3 Bd7 30. Bd2=
1/2-1/2

[Event "Capablanca Memorial II"]
[Site "SchemingMind.com"]
[Date "2014.12.09"]
[Round "-"]
[White "chesshub"]
[Black "michel"]
[Result "1-0"]
[WhiteCountry "FRA"]
[BlackCountry "CAN"]
[WhiteElo "2484"]
[WhiteRD "74"]
[BlackElo "2318"]
[BlackRD "59"]
[GameID "370713"]

1. e4 d6 2. d4 Nf6 3. Nc3 g6 4. Nf3 Bg7 5. Be2 O-O 6. O-O c6 7. h3 Qc7 8. a4 Nbd7 9. Be3 e5 10. dxe5 dxe5
11. Bc4 Nh5 12. a5 Nf4 13. Qd2 b5 14. axb6 Nxb6 15. Bxb6 Qxb6 16. Na4 Qc7 17. Nc5 Rd8 18. Qa5 Qe7 19. Rad1 Re8 20. Rfe1 Bf8
21. Na6 Bxa6 22. Qxa6 Rac8 23. g3 Ne6 24. Nxe5 Nc5 25. Bxf7+ Qxf7 26. Qxc8 Rxc8 27. Nxf7 Kxf7 28. Ra1 Rc7 29. Kg2 Rb7 30. Re3 Be7
31. b3 Ne6 32. Rd3 Bb4 33. Rad1 Ke7 34. f4 a5 35. h4 h5 36. Kh3 Ra7 37. Rf1 Nc5 38. Re3 a4 39. bxa4 Rxa4 40. f5 g5
41. hxg5 Bd2 42. Re2 Bxg5 43. e5 h4 44. Rf3 hxg3 45. Rxg3 Rh4+ 46. Kg2 Ne4 47. f6+ Bxf6 48. exf6+ Kxf6 49. Rg8 Ke5 50. Rd8 Rf4
51. Rd3 Rg4+ 52. Kf1 Rh4 53. Rd8 Rh1+ 54. Kg2 Rh4 55. Kf3 Rf4+ 56. Ke3 Rg4 57. Re8+ Kf5 58. Re1 Rg3+ 59. Ke2 Ng5 60. Rf1+ Kg4
61. Rg8
1-0

[Event "Capablanca Memorial II"]
[Site "SchemingMind.com"]
[Date "2014.12.07"]
[Round "-"]
[White "Karsten Kjeldsen"]
[Black "The Chess Machine"]
[Result "0-1"]
[WhiteCountry "DEN"]
[BlackCountry "ENG"]
[WhiteElo "2228"]
[WhiteRD "86"]
[BlackElo "2493"]
[BlackRD "122"]
[GameID "370761"]

1. e4 e6 2. d4 d5 3. Nc3 Nf6 4. Bg5 Be7 5. e5 Nfd7 6. Bxe7 Qxe7 7. f4 a6 8. Nf3 Nb6 9. Qd2 Bd7 10. a4 c5
11. a5 Nc8 12. Bd3 cxd4 13. Nxd4 Nc6 14. Nce2 N8a7 15. c3 Nxd4 16. Nxd4 g6 17. Bc2 Nc6 18. Nb3 Na7 19. Qe3 h5 20. Nd4 Qc5
21. b4 Qc7 22. O-O Rc8 23. Nxe6 Qxc3 24. Qxa7 Bxe6 25. Ba4+ Kf8 26. Qxb7 h4 27. Ra2 Rc4 28. Qxa6 Qe3+ 29. Raf2 Kg7 30. Qb5 h3
31. g3 Rhc8 32. Bd1 d4 33. Qb7 Rc1 34. f5 Bxf5 35. Qe7 d3 36. a6 R1c2 37. Qf6+ Kg8 38. a7 Rxf2
0-1

[Event "Capablanca Memorial II"]
[Site "SchemingMind.com"]
[Date "2014.12.07"]
[Round "-"]
[White "The Chess Machine"]
[Black "Karsten Kjeldsen"]
[Result "1/2-1/2"]
[WhiteCountry "ENG"]
[BlackCountry "DEN"]
[WhiteElo "2493"]
[WhiteRD "122"]
[BlackElo "2228"]
[BlackRD "86"]
[GameID "370762"]

1. d4 Nf6 2. c4 e6 3. Nc3 Bb4 4. e3 O-O 5. Bd3 d5 6. cxd5 exd5 7. Ne2 Re8 8. O-O Bd6 9. f3 c5 10. Nb5 Bf8
11. dxc5 Bxc5 12. Nbd4 Nc6 13. Kh1 Bd7 14. Bd2 Ne5 15. Be1 Rc8 16. Bh4 Qb6 17. b3 Ba3 18. Bf5 Bxf5 19. Nxf5 g6 20. Nfd4 Ned7
21. Nc2 Bc5 22. Bf2 Qa5 23. a4 Qb6 24. Rb1 Ne5 25. Qd2 a6 26. Rfd1 h6 27. Kg1 Kg7 28. Nf4 Be7 29. Rdc1 Bc5 30. Rd1 g5=
1/2-1/2

[Event "Capablanca Memorial II"]
[Site "SchemingMind.com"]
[Date "2014.12.08"]
[Round "-"]
[White "Milan"]
[Black "Oskyrain"]
[Result "0-1"]
[WhiteCountry "CZE"]
[BlackCountry "ARG"]
[WhiteElo "2143"]
[WhiteRD "84"]
[BlackElo "2470"]
[BlackRD "93"]
[GameID "370764"]

1. e4 e5 2. Nf3 Nc6 3. d4 exd4 4. Bc4 Nf6 5. O-O Nxe4 6. Re1 d5 7. Bxd5 Qxd5 8. Nc3 Qa5 9. Nxe4 Be6 10. Neg5 O-O-O
11. Nxe6 fxe6 12. Rxe6 Be7 13. Qe2 Bf6 14. h4 h6 15. Bd2 Qd5 16. a3 d3 17. cxd3 Bxb2 18. Re1 Bxa3 19. Bc3 Rhg8 20. d4 Bd6
21. Rg6 Rdf8 22. Re6 b5 23. Re3 Rf5 24. Bb2 a5 25. Rc1 Rgf8 26. Rec3 Nd8 27. Re3 Kb7 28. Rb1 g5 29. hxg5 hxg5 30. Re4 Nc6
31. Rg4 b4 32. Ra1 Bf4 33. Re1 a4 34. Rb1 Rh8 35. Ba3 b3 36. Bc5 Rf7 37. g3 Rfh7
0-1

[Event "Capablanca Memorial II"]
[Site "SchemingMind.com"]
[Date "2014.12.06"]
[Round "-"]
[White "Oskyrain"]
[Black "Milan"]
[Result "1-0"]
[WhiteCountry "ARG"]
[BlackCountry "CZE"]
[WhiteElo "2470"]
[WhiteRD "93"]
[BlackElo "2143"]
[BlackRD "84"]
[GameID "370765"]

1. d4 d5 2. c4 e6 3. Nc3 Nf6 4. Nf3 c6 5. e3 Be7 6. Bd3 O-O 7. O-O Nbd7 8. b3 b6 9. Bb2 Bb7 10. Qe2 Qc7
11. Rac1 Rad8 12. Rfd1 Rfe8 13. h3 h6 14. a3 a5 15. Bb1 c5 16. Nb5 Qb8 17. Ne5 Nxe5 18. dxe5 Nd7 19. cxd5 Bxd5 20. Nd6 Bxd6
21. exd6 Qb7 22. Qd3 Nf8 23. f3 f6 24. e4 Bc6 25. e5 f5 26. Bc3 Ng6 27. Qe3 a4 28. b4 c4 29. b5 Bxb5 30. Ba2 Qa6
31. Rb1 Rb8 32. Rb4 Bd7 33. Rxc4 b5 34. Rc7 Rb7 35. Bb4 Nf8 36. Kf2 Rc8 37. Rdc1 Re8 38. g4 fxg4 39. fxg4
1-0

[Event "Capablanca Memorial II"]
[Site "SchemingMind.com"]
[Date "2014.12.10"]
[Round "-"]
[White "Don71"]
[Black "Pinedev"]
[Result "0-1"]
[WhiteCountry "NIR"]
[BlackCountry "ISR"]
[WhiteElo "2321"]
[WhiteRD "92"]
[BlackElo "2406"]
[BlackRD "101"]
[GameID "371019"]

1. e4 e5 2. Nf3 Nc6 3. Bb5 a6 4. Bxc6 dxc6 5. O-O Qf6 6. d4 exd4 7. Bg5 Qd6 8. Nxd4 Bd7 9. Nc3 Ne7 10. Be3 c5
11. Nb3 Qxd1 12. Rfxd1 b6 13. a4 a5 14. Nb5 O-O-O 15. Rd2 Bxb5 16. axb5 Re8 17. Rdd1 Ng6 18. Nd2 Ne5 19. h3 f6 20. f3 Bd6
21. f4 Nf7 22. Kf2 h5 23. h4 Bf8 24. Kf3 Nd6 25. c4 g6 26. Re1 Bg7 27. Ra3 g5 28. hxg5 fxg5 29. fxg5 Bxb2 30. Rb3 Be5
31. g3 h4 32. Bf4 hxg3 33. Bxe5 Rxe5 34. Kf4 Ree8 35. Kxg3 Rhg8 36. Kh4 Nf7 37. Nf3 Rg7 38. e5 Rh8+ 39. Kg4 Nxg5 40. Nxg5 Rhg8
41. Kf5 Rxg5+ 42. Kf6 Rg4 43. Kf7 R4g7+ 44. Kf6 Rh7 45. e6 Kd8 46. Rbb1 Rgh8 47. Rf1 Ke8 48. Rbe1 a4 49. Ke5 Rh5+ 50. Rf5 Ke7
51. Rd1 Rxf5+ 52. Kxf5 Rh5+ 53. Kg4 Re5 54. Kf4 Kxe6 55. Ra1 Rh5 56. Rxa4 Rh4+ 57. Kg3 Re4 58. Kf3 Ke5 59. Ra7 Rxc4 60. Rxc7 Rb4
61. Ke3 Kd5
0-1

[Event "Capablanca Memorial II"]
[Site "SchemingMind.com"]
[Date "2014.12.10"]
[Round "-"]
[White "Pinedev"]
[Black "Don71"]
[Result "1-0"]
[WhiteCountry "ISR"]
[BlackCountry "NIR"]
[WhiteElo "2340"]
[WhiteRD "107"]
[BlackElo "2311"]
[BlackRD "93"]
[GameID "371020"]

1. d4 Nf6 2. c4 e6 3. Nc3 Bb4 4. e3 O-O 5. Bd3 b6 6. Ne2 d5 7. a3 Bxc3+ 8. Nxc3 Ba6 9. cxd5 Bxd3 10. Qxd3 exd5
11. O-O Qd7 12. b4 Nc6 13. Bb2 Ne7 14. a4 Rfe8 15. b5 c6 16. a5 c5 17. dxc5 bxc5 18. e4 Rad8 19. Rfd1 Qc7 20. exd5 Nexd5
21. Qg3 Nf4 22. Rxd8 Rxd8 23. b6 axb6 24. a6 Ne6 25. a7 Qxg3 26. hxg3 Nc7 27. Na4 Na8 28. Be5 Nd5 29. Rd1 Rd7 30. Bb8 Nf6
31. Rxd7 Nxd7 32. Nc3 Nf6 33. g4 h6 34. f4 g5 35. Nb5 Nd5 36. Kf2 Kf8 37. fxg5 hxg5 38. Kf3 Ke7 39. Ke4 Nf6+ 40. Ke5 Ne8
41. Kd5 Kd7 42. Be5 f6 43. Bb8 f5 44. gxf5 Nf6+ 45. Ke5 Ng4+ 46. Ke4 Nf6+ 47. Kd3 Kc6 48. Nc7 Kb7 49. Ne6 g4 50. Nd8+ Kc8
51. Nf7 Kb7 52. Nd6+ Kc6 53. Ne4 Nh7 54. f6 Kd7 55. f7
1-0

[Event "Capablanca Memorial II"]
[Site "SchemingMind.com"]
[Date "2015.02.05"]
[Round "-"]
[White "Oskyrain"]
[Black "The Chess Machine"]
[Result "1/2-1/2"]
[WhiteCountry "ARG"]
[BlackCountry "ENG"]
[WhiteElo "2467"]
[WhiteRD "85"]
[BlackElo "2450"]
[BlackRD "99"]
[GameID "374137"]

1. c4 c6 2. d4 d5 3. Nf3 Nf6 4. Nc3 dxc4 5. a4 Bf5 6. Ne5 Na6 7. e3 Nb4 8. Bxc4 e6 9. O-O Bd6 10. Qe2 h6
11. e4 Bh7 12. Bf4 O-O 13. Bg3 Qe7 14. f4 c5 15. Nxf7 Bc7 16. e5 Nfd5 17. Nd6 cxd4 18. Nxd5 exd5 19. Bxd5+ Nxd5 20. Qc4 Bxd6
21. Qxd5+ Qf7 22. Qxd6 Rad8 23. Qc5 d3 24. Rf2 a6 25. Qe3 Rc8 26. Bh4 Rc2 27. e6 Qh5 28. Be7 Rxf2 29. Kxf2 Rc8 30. Bb4 Rc4
31. e7 Be4 32. Rc1 Rxb4 33. Rc8+= Kh7 34. e8=Q Rxb2+ 35. Kf1 Rb1+=
1/2-1/2

[Event "Capablanca Memorial II"]
[Site "SchemingMind.com"]
[Date "2015.02.04"]
[Round "-"]
[White "The Chess Machine"]
[Black "Oskyrain"]
[Result "1/2-1/2"]
[WhiteCountry "ENG"]
[BlackCountry "ARG"]
[WhiteElo "2450"]
[WhiteRD "99"]
[BlackElo "2467"]
[BlackRD "85"]
[GameID "374138"]

1. d4 Nf6 2. c4 e6 3. Nc3 Bb4 4. e3 O-O 5. Ne2 d5 6. a3 Be7 7. cxd5 exd5 8. b4 c6 9. Ng3 Re8 10. Bd3 Nbd7
11. O-O Nb6 12. Rb1 Be6 13. b5 c5 14. dxc5 Bxc5 15. Nce2 Rc8 16. Nf4 Nc4 17. Nxe6 fxe6 18. Bxc4 dxc4 19. Bb2 Nd5 20. Ne4 Qe7
21. Qh5 Bxa3 22. Bxa3 Qxa3 23. Qe5 Rcd8 24. Ra1 Qe7 25. Rxa7 Nb6 26. Qc5 Nc8 27. Ra8 Qxc5 28. Nxc5 Nd6 29. Rxd8 Rxd8 30. Nxe6 Ra8
31. Nd4 Kf7 32. Rc1 Ra3 33. Kf1 Kf6 34. Rc2 Ke5 35. Rd2 c3 36. Rd1=
1/2-1/2

[Event "Capablanca Memorial II"]
[Site "SchemingMind.com"]
[Date "2015.03.15"]
[Round "-"]
[White "HECTORBSUEIRO"]
[Black "chesshub"]
[Result "1/2-1/2"]
[WhiteCountry "ARG"]
[BlackCountry "FRA"]
[WhiteElo "2462"]
[WhiteRD "93"]
[BlackElo "2478"]
[BlackRD "70"]
[GameID "376820"]

1. d4 Nf6 2. c4 e6 3. Nf3 d5 4. Nc3 c6 5. e3 Nbd7 6. Qc2 Bd6 7. b3 O-O 8. Bb2 e5 9. Be2 e4 10. Nd2 a6
11. g4 b5 12. g5 Ne8 13. cxd5 cxd5 14. Nxd5 f5 15. f4 Bb7 16. Nc3 Rc8 17. a4 Nc7 18. axb5 axb5 19. Qd1 Bb4 20. Bxb5 Nxb5
21. Nxb5 Qb6 22. Na3 Bxd2+ 23. Qxd2 Qxb3 24. Kf2 Ba6 25. Rhc1 Rxc1 26. Bxc1 Rc8 27. Rb1 Qd3 28. Qxd3 Bxd3 29. Rb7 Rxc1 30. Rxd7 Rf1+
31. Kg2 Re1 32. Rb7 Re2+ 33. Kg1 Rxe3 34. Nb5 Re1+ 35. Kg2 Rb1 36. Rb8+ Kf7 37. Nd6+ Ke6 38. Rxb1 Bxb1 39. Ne8 g6 40. Kf2 Ba2
41. h4 Ke7 42. Nf6 h5 43. Ke3 Ke6 44. Ne8 Kd5 45. Nf6+ Ke6=
1/2-1/2

[Event "Capablanca Memorial II"]
[Site "SchemingMind.com"]
[Date "2015.03.15"]
[Round "-"]
[White "chesshub"]
[Black "HECTORBSUEIRO"]
[Result "1-0"]
[WhiteCountry "FRA"]
[BlackCountry "ARG"]
[WhiteElo "2506"]
[WhiteRD "67"]
[BlackElo "2403"]
[BlackRD "86"]
[GameID "376821"]

1. e4 g6 2. d4 Bg7 3. Nc3 c6 4. Nf3 d6 5. Be3 Nf6 6. Qd2 b5 7. Bd3 O-O 8. h3 Nbd7 9. O-O Qc7 10. Ne2 c5
11. c3 Bb7 12. Ng3 a6 13. Bh6 e5 14. d5 c4 15. Bc2 Kh8 16. Be3 Rfc8 17. Ng5 Kg8 18. f4 Rf8 19. f5 h6 20. Nf3 Kh7
21. a4 Nc5 22. Qf2 Rac8 23. Qe2 Rb8 24. Rfd1 Rfc8= 25. Nh4 Rf8 26. Qf2 Ncd7 27. Rdb1 Bc8 28. Ra3 b4 29. cxb4 Rxb4 30. fxg6+ fxg6
31. Nxg6 Kxg6 32. Nf5 Kf7 33. Qd2 a5 34. Nxg7 Kxg7 35. Bxh6+ Kh8 36. Bxf8 Nxf8 37. Qh6+ N8h7 38. Rg3 Qe7 39. Rf3 Qg7 40. Qh4 Qf7
41. Rbf1 Qh5 42. Qf2 Qg6 43. Bd1 Ba6 44. Kh2 c3 45. bxc3 Rb1 46. Re1 Rb7 47. Rg3 Ng5 48. h4 Rh7 49. h5 Qh6 50. Qb6 Rg7
51. Qxa6 Nxh5 52. Bxh5 Qxh5+ 53. Rh3 Nxh3 54. Qc8+ Kh7 55. Qxh3 Kg6 56. c4 Rb7 57. Rc1 Qxh3+ 58. Kxh3 Rb4 59. c5 dxc5 60. d6 Kf6
61. Rxc5 Rxe4 62. Rxa5 Rd4 63. Ra8 Rxd6 64. a5 Kf5 65. a6 Rd7 66. g3 Rh7+ 67. Kg2 Ke4 68. Rb8 Ra7 69. Rb4+
1-0